Biblioteka Instytutu Północnego w Olsztynie

Widok standardowy Widok MARC

Pozycja Personal Name

Liczba rekordów, w których użyto hasła: 1

001 - Numer kontrolny

  • control field: 40787

003 - Identyfikator numeru kontrolnego

  • control field: NUKAT

005 - Data i czas ostatniej modyfikacji

  • control field: 20260428123139.0

008 - Dane kontrolne kodowane (40 znaków)

  • fixed length control field: 010419n||a|znnaabn |a aaa |c

010 ## - Numer kontrolny Biblioteki Kongresu

  • numer kontrolny LC: n 01012953

040 ## - Instytucja sporządzająca rekord

  • inst. przygot. dane do rek. khw: KR U/aps
  • język haseł przedmiotowych/tezaurus: kaba
  • inst. wprow. rek. khw: KR U/aps

100 1# - Hasło - nazwa osobowa

  • nazwa osobowa w formie ujednoliconej: Wąsowicz, Jarosław
  • daty biograficzne: (1973- ).

670 ## - Źródło informacji

  • źródło informacji: Cicho przychodzisz w tym wielkim pośpiechu... / oprac. i red. Jarosław Wąsowicz. - Ląd, 2001.
  • gdzie znaleziono informację: Biogram

675 ## - Źródło nie podające informacji

  • wskazanie źródła: PB
  • wskazanie źródła: Duch. - 1992
Biblioteka Instytutu Północnego, ul. Partyzantów 87, 10-402 Olsztyn, email: biblioteka(at)ip.olsztyn.pl